000 00345cam a2200145ua 4500
041 _aeng
_h
082 _a801.93
_bCRO/AE
100 _aCroce, Benedetto .
245 _aAesthetic /
_cBenedetto Croce.
_hTextual Documents
260 _aLondon :
_bVision Press ,
_c1962.
300 _a503 ; .
504 _a
942 _cBK
999 _c5124
_d5124